[Event "OS INCLIVEIS"]
[Site "http://www.queenalice.com/game.php?id=1067214"]
[Date "2012.6.2"]
[Round "-"]
[White "adelio"]
[Black "ishamael13"]
[Result "0-1"]
[WhiteElo "1696"]
[BlackElo "2067"]

1. d4 d5 2. c4 e6 3. c5 Nf6 4. h3 Nc6 5. e3 Ne4 6. Nd2 f5 7. h4 Be7 8. Ngf3 O-O
9. g3 Bd7 10. a3 Be8 11. Ra2 b6 12. Ng5 Nxg5 13. hxg5 Bxg5 14. b3 bxc5 15. Nf3
cxd4 16. Nxg5 Qxg5 17. exd4 Qf6 18. Be3 Rb8 19. b4 Bf7 20. f3 e5 21. Bd3 exd4
22. Bf4 Rfe8+ 23. Kf1 Ne5 24. Rah2 h5 25. g4 fxg4 26. Bxe5 Rxe5 27. Rf2 g3 28.
Rg2 Qf4 29. Be2 Rbe8 30. Rhg1 d3 31. Qxd3 Qc1+ 32. Qd1 Qxd1+ 33. Bxd1 Re1# 0-1

[Event "Challenge"]
[Site "http://www.queenalice.com/game.php?id=1067983"]
[Date "2012.6.4"]
[Round "-"]
[White "ishamael13"]
[Black "thigo"]
[Result "1-0"]
[WhiteElo "2069"]
[BlackElo "1553"]

1. d4 e6 2. e4 Nc6 3. Nc3 d5 4. e5 Qd7 5. f4 Na5 6. Nf3 Qc6 7. Bb5 Bd7 8. Bxc6
Bxc6 9. Ng5 O-O-O 10. Nxf7 Bb4 11. O-O g6 12. Nxh8 Nh6 13. f5 Nxf5 14. Nf7 Rf8
15. Ng5 Nc4 16. Nxh7 Rh8 17. Ng5 Nce3 18. Bxe3 Nxe3 19. Qf3 Nxc2 20. Rac1 Nxd4
21. Qg4 Bc5 22. Kh1 Nf5 23. Nxe6 Be8 24. Nxc5 Bb5 25. Nxb5 a6 26. Qxg6 Ne7 27.
Qe6+ Kd8 28. Qd7# 1-0

[Event "AUTO-OPEN-2673"]
[Site "http://www.queenalice.com/game.php?id=1091932"]
[Date "2012.8.10"]
[Round "2"]
[White "kamikaze"]
[Black "ishamael13"]
[Result "1-0"]
[WhiteElo "2284"]
[BlackElo "2108"]

1. d4 d5 2. c4 e6 3. cxd5 exd5 4. a3 c5 5. dxc5 Bxc5 6. Nc3 Nf6 7. e3 O-O 8. Nf3
Bg4 9. Be2 Nc6 10. O-O Rc8 11. h3 Bh5 12. b4 Bb6 13. Bb2 Re8 14. Rc1 Re7 15. Nb5
Ne4 16. Nc3 Rd7 17. Na4 Ng3 18. fxg3 Bxe3+ 19. Kh1 d4 20. Rc5 Bxf3 21. Bxf3 Rd6
22. Bc1 Bxc1 23. Qxc1 d3 24. Qd2 Rf6 25. Rfc1 Ne7 26. Rxc8 Nxc8 27. Nc5 Ne7 28.
Rc3 Nf5 29. Rxd3 Qf8 30. Rd8 Nxg3+ 31. Kg1 1-0

[Event "AUTO-OPEN-2673"]
[Site "http://www.queenalice.com/game.php?id=1091933"]
[Date "2012.8.10"]
[Round "2"]
[White "ishamael13"]
[Black "kamikaze"]
[Result "0-1"]
[WhiteElo "2079"]
[BlackElo "2289"]

1. c4 e5 2. e3 c5 3. d4 exd4 4. exd4 cxd4 5. Nf3 Nc6 6. Nxd4 Nf6 7. Nb5 a6 8.
Qe2+ Be7 9. Nd6+ Kf8 10. Bf4 Qb6 11. Nc3 Nd4 12. Qd2 Ne6 13. Bg3 Nh5 14. Nd5 Qd4
15. Nxe7 Qxd2+ 16. Kxd2 Kxe7 17. Nf5+ Kf6 18. Nd6 Nxg3 19. hxg3 Rb8 20. Re1 g6
21. Re3 Ke7 22. c5 b6 23. Nxc8+ Rbxc8 24. cxb6 Rc6 25. b7 Rb6 26. b3 d5 27. Rh4
Rxb7 28. Bxa6 Ra7 29. Ra4 Rha8 30. Bb5 Rxa4 31. bxa4 Kd6 32. a3 Nc5 33. Rf3 f5
34. Rf4 Ne4+ 35. Kd3 Ke5 36. Bc6 Rc8 37. f3 Nc5+ 38. Kc3 Rxc6 39. a5 Ne6+ 40.
Kb4 Nxf4 41. gxf4+ Kxf4 42. Kb5 Rc8 43. Kb6 d4 44. a6 d3 0-1

[Event "AUTO-OPEN-2673"]
[Site "http://www.queenalice.com/game.php?id=1091936"]
[Date "2012.8.10"]
[Round "2"]
[White "oaitsabes"]
[Black "ishamael13"]
[Result "0-1"]
[WhiteElo "2147"]
[BlackElo "2074"]

1. Nf3 d5 2. g3 e6 3. Bg2 Nf6 4. O-O c5 5. b3 Nc6 6. Bb2 Bd6 7. Na3 a6 8. d3 O-O
9. c4 Re8 10. Nc2 dxc4 11. bxc4 e5 12. Ng5 Nd4 13. e3 Bg4 14. f3 Nxc2 15. Qxc2
Bd7 16. f4 Qc7 17. Ne4 Nxe4 18. Bxe4 Bh3 19. fxe5 Bxe5 20. Bxe5 Rxe5 21. d4 Rxe4
22. Qxe4 Bxf1 23. Rxf1 cxd4 24. Qxd4 Rd8 25. Qf4 Rc8 26. Kg2 Qxc4 27. Qxc4 Rxc4
28. Rf2 g6 29. Rb2 b5 30. Kf3 f5 31. Ke2 Kf7 32. Kd3 Ke6 33. Rb1 Ra4 34. Rb2 Kd5
35. Rc2 Ra3+ 0-1

[Event "AUTO-OPEN-2673"]
[Site "http://www.queenalice.com/game.php?id=1091937"]
[Date "2012.8.10"]
[Round "2"]
[White "ishamael13"]
[Black "oaitsabes"]
[Result "1-0"]
[WhiteElo "2093"]
[BlackElo "2130"]

1. d4 Nf6 2. c4 g6 3. Nc3 d5 4. e3 Bg7 5. Bd3 c6 6. Bd2 O-O 7. Qc2 Na6 8. a3 Nc7
9. Nf3 dxc4 10. Bxc4 Bf5 11. Bd3 Bxd3 12. Qxd3 Re8 13. Qc4 Rc8 14. Ne5 e6 15.
O-O Ncd5 16. Qa4 a6 17. Qb3 b5 18. Nxd5 Qxd5 19. Qxd5 cxd5 20. Rac1 Ne4 21. Nf3
Rc4 22. b3 Rxc1 23. Rxc1 Bf8 24. b4 Nxd2 25. Nxd2 a5 26. Nf3 axb4 27. axb4 Bxb4
28. Rb1 Ra8 29. Kf1 Ra4 30. Ne5 f6 31. Nc6 Bd6 32. Rxb5 Ra1+ 33. Ke2 Bxh2 34.
Nd8 Bg1 35. Nxe6 Ra2+ 36. Kd3 Bxf2 37. Rxd5 Ra3+ 38. Kc4 Rxe3 39. Rd6 Kf7 40. d5
h5 41. Rd7+ Ke8 42. Rg7 Rg3 43. d6 Rg4+ 44. Kb5 Rg5+ 45. Kc6 1-0

[Event "OS INCLIVEIS"]
[Site "http://www.queenalice.com/game.php?id=1096619"]
[Date "2012.8.26"]
[Round "-"]
[White "adelio"]
[Black "ishamael13"]
[Result "0-1"]
[WhiteElo "1741"]
[BlackElo "2071"]

1. f4 d5 2. d4 e6 3. c4 Nf6 4. Nc3 Nc6 5. Nf3 dxc4 6. e4 Bb4 7. a3 Bxc3+ 8. bxc3
Nxe4 9. Qc2 Qd5 10. Ra2 Bd7 11. Be3 Ne7 12. Ng5 Nxg5 13. fxg5 Nf5 14. Bf2 O-O
15. Rg1 Rfe8 16. g4 e5 17. gxf5 exd4+ 18. Kd1 Qf3+ 19. Kc1 Bxf5 20. Qd1 Qxc3+
21. Rc2 Qa1+ 22. Kd2 c3+ 23. Rxc3 Qxc3# 0-1

[Event "AUTO-OPEN-3120"]
[Site "http://www.queenalice.com/game.php?id=1231963"]
[Date "2013.11.12"]
[Round "1"]
[White "ishamael13"]
[Black "carito30236"]
[Result "1-0"]
[WhiteElo "2085"]
[BlackElo "1767"]

1. c4 Nf6 2. Nc3 b6 3. d4 Bb7 4. Bf4 d6 5. Nf3 Bxf3 6. exf3 h6 7. c5 dxc5 8.
Qa4+ Qd7 9. Nb5 Nd5 10. Bxc7 e6 11. Nd6+ Bxd6 12. Bb5 Nxc7 13. Bxd7+ Nxd7 14.
Qc6 Ke7 15. Rd1 Nd5 16. O-O Rhc8 17. Qa4 a5 18. Rfe1 Rcb8 19. dxc5 b5 20. cxd6+
Kxd6 21. Qf4+ Ke7 22. Rxd5 Rb6 23. Qe4 g6 24. Rxd7+ Kxd7 25. Qxa8 1-0

[Event "AUTO-OPEN-3120"]
[Site "http://www.queenalice.com/game.php?id=1231964"]
[Date "2013.11.12"]
[Round "1"]
[White "carito30236"]
[Black "ishamael13"]
[Result "0-1"]
[WhiteElo "1797"]
[BlackElo "2095"]

1. Nf3 e6 2. d4 d5 3. g3 c5 4. c4 Nc6 5. e3 Nf6 6. Qa4 Bd7 7. Qc2 Nb4 8. Qd1 Rc8
9. Bd2 cxd4 10. a3 Qa5 11. Ne5 Ba4 12. axb4 Bxd1 13. bxa5 Bb3 14. cxd5 Bxd5 15.
f3 dxe3 16. Bxe3 Bb4+ 17. Bd2 Bd6 18. Bb5+ Bc6 19. Bxc6+ bxc6 20. Nc4 Bc5 21. b4
Be7 22. O-O O-O 23. Bc3 Nd5 24. Ra4 Rfd8 25. Kf2 Rb8 26. Bd4 Nxb4 27. Bxa7 Rb7
28. Bb6 Ra8 29. Nc3 Nd5 30. Ne4 Nxb6 31. Nxb6 Rxb6 32. Rfa1 Rb2+ 33. Ke3 f5 34.
Nd2 Bc5+ 35. Ke2 Rd8 36. Rd1 Bb4 37. a6 Bxd2 38. Kf1 Ra8 39. h4 Be3 40. Re1 Rf2+
41. Kg1 Ra2+ 42. Rxe3 Rxa4 43. Rxe6 R4xa6 44. Kf2 Ra2+ 45. Ke3 c5 46. Rc6 R8a3+
47. Kf4 c4 48. Kxf5 Rxf3+ 49. Ke4 Raa3 50. Rxc4 Rxg3 51. Kf5 Rae3 52. h5 Ref3+
53. Ke5 Rg5+ 54. Ke6 Rf6+ 55. Ke7 Re5+ 56. Kd7 Kf7 57. Rc7 Re7+ 58. Kc8 Rxc7+
59. Kxc7 Ke7 0-1

[Event "AUTO-OPEN-3120"]
[Site "http://www.queenalice.com/game.php?id=1231965"]
[Date "2013.11.12"]
[Round "1"]
[White "ishamael13"]
[Black "betofortaleza"]
[Result "1-0"]
[WhiteElo "2061"]
[BlackElo "1871"]

1. c4 Nf6 2. Nc3 e5 3. Nf3 Nc6 4. d3 h6 5. Qc2 Bb4 6. e3 d5 7. cxd5 Nxd5 8. Bd2
Bxc3 9. Bxc3 f6 10. d4 f5 11. Rd1 e4 12. Ne5 Nxe5 13. dxe5 Be6 14. Bc4 Qg5 15.
O-O c6 16. Bxd5 Bxd5 17. Rxd5 cxd5 18. Qa4+ Kf7 19. Qd7+ Kg8 20. Rd1 Rd8 21.
Qe6+ Kh7 22. Rxd5 Rxd5 23. Qxd5 Rd8 24. Qb3 Qg4 25. h3 Qe2 26. e6 Rd1+ 27. Kh2
Rd8 28. Qxb7 Qh5 29. Qxg7# 1-0

[Event "AUTO-OPEN-3120"]
[Site "http://www.queenalice.com/game.php?id=1231966"]
[Date "2013.11.12"]
[Round "1"]
[White "betofortaleza"]
[Black "ishamael13"]
[Result "0-1"]
[WhiteElo "1863"]
[BlackElo "2069"]

1. e4 c6 2. d4 d5 3. e5 Bf5 4. Bd3 Bxd3 5. Qxd3 e6 6. Nf3 Qa5+ 7. Bd2 Qa6 8. Qe3
Ne7 9. Nc3 Nd7 10. Ng5 Nf5 11. Qf3 Be7 12. Ne2 c5 13. O-O cxd4 14. g4 Nxe5 15.
Qb3 Bxg5 16. gxf5 Qxe2 17. Bxg5 Nf3+ 18. Kh1 Nxg5 19. Rg1 Qe4+ 20. Rg2 O-O 21.
Qg3 f6 22. h4 exf5 23. hxg5 f4 24. Qh4 Rac8 25. gxf6 Rxf6 26. Qxf6 Qxg2+ 27.
Kxg2 gxf6 28. Rc1 d3 29. c3 d4 30. Rd1 dxc3 31. bxc3 Rxc3 32. Rd2 Kf7 33. Kf3
Kg6 34. Kxf4 Rc2 35. Rxd3 Rxf2+ 36. Kg3 Rxa2 0-1

[Event "Challenge"]
[Site "http://www.queenalice.com/game.php?id=1235734"]
[Date "2013.11.27"]
[Round "-"]
[White "Zugswang"]
[Black "ishamael13"]
[Result "1-0"]
[WhiteElo "2209"]
[BlackElo "2071"]

1. e4 c6 2. d4 d5 3. e5 Bf5 4. h4 h6 5. g4 Be4 6. f3 Bh7 7. f4 Be4 8. Rh2 e6 9.
Bd3 Be7 10. g5 hxg5 11. Bxe4 dxe4 12. fxg5 Qb6 13. c3 Nd7 14. Qe2 Nxe5 15. Qxe4
f6 16. Rg2 fxg5 17. Qxe5 c5 18. Bxg5 Nf6 19. Re2 Kf7 20. Nf3 1-0

[Event "OS INCLIVEIS"]
[Site "http://www.queenalice.com/game.php?id=1237563"]
[Date "2013.12.4"]
[Round "-"]
[White "adelio"]
[Black "ishamael13"]
[Result "0-1"]
[WhiteElo "1803"]
[BlackElo "2080"]

1. b4 e5 2. b5 Bc5 3. e3 Nf6 4. Be2 d5 5. Nf3 O-O 6. h4 d4 7. h5 Ng4 8. Nxd4
Nxf2 9. Kxf2 exd4 10. d3 Re8 11. e4 Qf6+ 12. Bf3 Nd7 13. Nd2 Ne5 14. Kg1 Bd7 15.
a4 a6 16. Bb2 Qg5 17. Qe2 axb5 18. a5 f5 19. Nb3 Nxf3+ 20. Qxf3 fxe4 21. dxe4
Bg4 22. Qd3 Ba7 23. Nxd4 Rad8 24. c3 c5 25. Re1 Qe5 26. h6 cxd4 27. c4 bxc4 28.
Qxc4+ Be6 29. Qd3 Bf5 30. Qb3+ Be6 31. Qd3 Qxa5 32. Kh2 Qe5+ 33. g3 Rf8 34. Qd2
Qh5+ 35. Kg2 Qf3+ 36. Kg1 Qxg3+ 37. Qg2 d3+ 0-1

[Event "OS INCLIVEIS"]
[Site "http://www.queenalice.com/game.php?id=1237564"]
[Date "2013.12.4"]
[Round "-"]
[White "ishamael13"]
[Black "adelio"]
[Result "1-0"]
[WhiteElo "2077"]
[BlackElo "1760"]

1. e4 e5 2. Nf3 f6 3. Bc4 Nc6 4. Nc3 Nge7 5. d4 d5 6. exd5 Nxd4 7. Nxd4 exd4 8.
Qxd4 a6 9. O-O Nf5 10. Qe4+ Qe7 11. Re1 Rb8 12. Bf4 Nd6 13. Qf3 Nxc4 14. Rxe7+
Bxe7 15. Re1 Nd6 16. Bxd6 cxd6 17. Qe2 O-O 18. Qxe7 Bf5 19. Qxd6 Bxc2 20. h4 Bg6
21. Re7 b6 22. Qd7 Bf7 23. Ne4 Rbd8 24. Qg4 g6 25. Nxf6+ Kh8 26. Qg5 Rc8 27. Qh6
Rc1+ 28. Kh2 Rc4 29. Qxh7# 1-0

[Event "AUTO-OPEN-3120"]
[Site "http://www.queenalice.com/game.php?id=1265603"]
[Date "2014.3.16"]
[Round "2"]
[White "Dougtzu"]
[Black "ishamael13"]
[Result "0-1"]
[WhiteElo "1816"]
[BlackElo "2108"]

1. d4 e6 2. c4 d5 3. Nc3 Nf6 4. Nf3 c6 5. Bf4 Be7 6. e3 Nbd7 7. cxd5 Nxd5 8. Bg3
f5 9. Ne5 N7f6 10. Bc4 O-O 11. O-O Qe8 12. Qc2 b5 13. Bd3 Nb4 14. Qd2 Nxd3 15.
Qxd3 Ba6 16. Rfc1 Qc8 17. Qc2 Qb7 18. a3 Nh5 19. Ne2 c5 20. dxc5 Rac8 21. b4
Nxg3 22. hxg3 Bf6 23. f4 Qc7 24. Rd1 Bxe5 25. fxe5 Qxe5 26. Rd3 Qxa1+ 0-1

[Event "AUTO-OPEN-3120"]
[Site "http://www.queenalice.com/game.php?id=1265604"]
[Date "2014.3.16"]
[Round "2"]
[White "ishamael13"]
[Black "Dougtzu"]
[Result "1-0"]
[WhiteElo "2104"]
[BlackElo "1821"]

1. e4 c5 2. Nf3 d6 3. d4 cxd4 4. Nxd4 Nf6 5. Nc3 g6 6. Be2 Bg7 7. Ndb5 a6 8. Nd4
Nc6 9. Be3 O-O 10. Qd2 Bd7 11. a4 Rc8 12. O-O Ne5 13. b3 Qa5 14. Nd5 Qxd2 15.
Nxe7+ Kh8 16. Bxd2 Rce8 17. Bb4 Rxe7 18. Bxd6 Ree8 19. Bxf8 Bxf8 20. f3 Bc5 21.
c3 Nc6 22. Rad1 Rd8 23. Kh1 Bc8 24. Nxc6 Rxd1 25. Rxd1 bxc6 26. Rd8+ 1-0

[Event "AUTO-OPEN-3120"]
[Site "http://www.queenalice.com/game.php?id=1265617"]
[Date "2014.3.16"]
[Round "2"]
[White "ishamael13"]
[Black "goldenboy"]
[Result "0-1"]
[WhiteElo "2055"]
[BlackElo "2083"]

1. d4 d5 2. c4 c6 3. e3 Nf6 4. Nc3 e6 5. Nf3 Bb4 6. Bd2 Nbd7 7. Rc1 O-O 8. Be2
Re8 9. O-O dxc4 10. Bxc4 Nd5 11. a3 Bxc3 12. bxc3 Qe7 13. e4 N5b6 14. Bd3 Qxa3
15. e5 Qe7 16. Bxh7+ Kxh7 17. Ng5+ Kg8 18. Qh5 Nf8 19. Ne4 g6 20. Qh6 Nh7 21. f4
Qf8 22. Qh4 Nd5 23. f5 exf5 24. Bh6 Qe7 25. Bg5 Nxg5 26. Nxg5 f6 27. exf6 Nxf6
0-1

[Event "AUTO-OPEN-3120"]
[Site "http://www.queenalice.com/game.php?id=1265618"]
[Date "2014.3.16"]
[Round "2"]
[White "goldenboy"]
[Black "ishamael13"]
[Result "1-0"]
[WhiteElo "2098"]
[BlackElo "2040"]

1. e4 c6 2. d4 Nf6 3. Nc3 e6 4. Bg5 Be7 5. e5 Nd5 6. Bxe7 Qxe7 7. Ne4 O-O 8. Nd6
f6 9. c4 fxe5 10. dxe5 Nb6 11. Nf3 Na6 12. a4 Rf4 13. a5 Nxc4 14. Bxc4 Nc5 15.
Qd2 Rxc4 16. Nxc4 Nb3 17. Qc1 Nxc1 18. Rxc1 Qb4+ 19. Nfd2 b5 20. axb6 Ba6 21. b3
axb6 22. O-O 1-0

[Event "OS INCLIVEIS"]
[Site "http://www.queenalice.com/game.php?id=1270814"]
[Date "2014.4.6"]
[Round "-"]
[White "adelio"]
[Black "ishamael13"]
[Result "1-0"]
[WhiteElo "1769"]
[BlackElo "2084"]

1. b4 e6 2. b5 Qf6 3. d4 Bb4+ 4. c3 Be7 5. g3 c5 6. bxc6 Nxc6 7. Nf3 b5 8. e4
Bd8 9. e5 Qf5 10. Bd3 Qh5 11. Nbd2 Rb8 12. Ne4 Ba5 13. Bd2 Nge7 14. Nd6+ Kd8 15.
Ng5 Qxd1+ 16. Rxd1 Kc7 17. Bxb5 1-0

[Event "OS INCLIVEIS"]
[Site "http://www.queenalice.com/game.php?id=1271335"]
[Date "2014.4.8"]
[Round "-"]
[White "ishamael13"]
[Black "adelio"]
[Result "0-1"]
[WhiteElo "2111"]
[BlackElo "1739"]

1. e4 g6 2. d4 Bg7 3. Nf3 d6 4. Nc3 Bg4 5. Be2 Bxf3 6. Bxf3 Nc6 7. Be3 a6 8. Qd2
e5 9. O-O-O b5 10. Be2 exd4 11. Nd5 dxe3 12. Qxe3 Nge7 0-1